De la locura, ¿a la esperanza? /

Αποθηκεύτηκε σε:
Λεπτομέρειες βιβλιογραφικής εγγραφής
Κύριος συγγραφέας: Serrano, Omar
Μορφή: Κείμενο
Θέματα:
Ετικέτες: Προσθήκη ετικέτας
Δεν υπάρχουν, Καταχωρήστε ετικέτα πρώτοι!

MARC

LEADER 00000 a a2200000 04500
001 7047
003
040
100 |a Serrano, Omar  
245 |a De la locura, ¿a la esperanza? /  |c Omar Serrano 
650 |a VIOLENCIA  
650 |a DERECHOS HUMANOS  
650 |a AMNISTIA  
650 |a PARTIDOS POLITICOS  
650 |a CORRUPCION  
650 |a ADMINISTRACION DE JUSTICIA  
650 |a GOBIERNO  
773 |g volumen 12, número 136; páginas 34-38  
999 |c 34325  |d 34325